000 00262nam a2200097Ia 4500
001 1101921
005 20250827003312.0
008 250824s9999 xx 000 0 und d
245 0 _aABDÜLHAMİDİN KURTLARA DANSI
_cMUSTAFA ARMAĞAN
260 _bKETEBE YAYINLARI
999 _c1101921
_d1101921